[Event "Chelyabinsk variation - 5"]
[Site "Elista RUS"]
[Date "1998.10.04"]
[Round "5"]
[White "Ye, Jiangchuan"]
[Black "Filippov, Valerij"]
[Result "1-0"]
[WhiteElo "2510"]
[BlackElo "2595"]
[EventDate "1998.09.29"]

1. e4 c5 2. Nf3 e6 3. d4 cxd4 4. Nxd4 Nf6 5. Nc3 Nc6 6. Ndb5 d6 7. Bf4 e5 
8. Bg5 a6 9. Na3 b5 10. Nd5 Be7 11. Bxf6 Bxf6 12. c3 O-O 13. Nc2 Bg5 14. 
a4 bxa4 15. Rxa4 a5 16. Bc4 Rb8 17. b3 Kh8 18. O-O g6 19. Qd3 {The 
appearance of the queen on d3 looks more aggressive than 19.Â£e2 from the 
previous game as it allows White to take the d6-pawn under his control } 
19. ... f5 20. Rd1 Bd7 ( {The immediate relief of tension in the center is
favorable for White} 20. ... fxe4 21. Qxe4 Bf5 22. Qe2 e4 23. Nde3 Ne5 24.
 Bd5 +/- ) ( 20. ... Bh4!? 21. g3 ( 21. f3!? ) 21. ... Bg5 22. b4 {and 
now, in V.Bologan's opinion, Black should have continued } 22. ... fxe4 ( 
{In the game there followed} 22. ... Bd7 23. Ra2 fxe4 24. Qxe4 Bf5 25. Qe1
Bxc2 26. Rxc2 axb4 27. Nxb4 Nxb4 28. cxb4 Qb6 29. b5 Rbc8 30. Qe4 Rc5 31. 
h4 Bh6 32. Ra2 Bg7 33. Kg2 {with obvious white advantage, Bologan Viktor 
2585 - Belikov Vladimir 2510 , Sevastopol 1997 Ch Armed Forces} ) 23. Qxe4
Bf5 24. Qe2 Qc8! 25. Nde3 Bxe3 ( 25. ... axb4 26. Nxf5 Qxf5 27. Nxb4 +/- )
26. Nxe3 axb4 27. Nxf5 Qxf5 ( 27. ... gxf5 28. Rxd6 bxc3 29. Bd5 ) 28. 
Rxd6 bxc3 29. Bd3 Rb2 30. Qxb2 cxb2 31. Bxf5 gxf5 32. Rd1 Nd4 33. Rb4 Ne2+
34. Kf1 Nc3 35. Re1 b1=Q 36. Rbxb1 Nxb1 37. Rxb1 = ) 21. Raa1 { The rook 
escapes the d7-bishop's glare in good time } 21. ... Bh6 {A modest retreat
that improves the coordination between black pieces. Black queen gets an 
opportunity to make lunges to g5 or h4, and the dark-squared bishop is 
ready to return, in case of need, to the long diagonal via g7} 22. f3! {A 
conceptual continuation. White fortifies the central e4-square, 
restricting his opponent's counterplay as much as possible, and only then 
prepares his attack on the Q-side} ( 22. Nde3 Rf6 23. f3 Ne7 24. Kh1 Bf4 
25. b4 a4 26. Nd5 Nxd5 27. Bxd5 Qf8 28. g3 Bg5 29. c4 f4 30. g4 h5 31. 
gxh5 Qh6 32. b5 Qxh5 33. Rxa4 Bh4 34. Rda1 Bg3 35. Qe2 g5 36. Ra8 Rbf8 37.
 Rxf8+ Rxf8 38. b6 g4 39. Ne1 gxf3 40. Nxf3 Bg4 41. Ra3 Kg7 42. Kg1 Rh8 
43. b7 { and in the sharp struggle White's chances look preferable } 
43. ... Kf6 44. c5 Bxf3 45. Rxf3 Bxh2+ 46. Kf1 Qe8 47. Qa6 Kg5 48. Rb3 Qh5
49. Qe2 f3 50. Rxf3 Bf4 51. Rg3+ Bxg3 52. Qxh5+ Kxh5 53. c6 Kg4 54. Ke2 
Rh2+ 55. Kd3 {1-0, Shirov Alexei 2695 - Kramnik Vladimir 2730 , Monte 
Carlo 1995 It "Melody Amber" (blindfold))} ) 22. ... Qh4 23. Nde3! += {
Stressing the vulnerability of the d6-pawn } 23. ... fxe4 ( 23. ... Rf6 
24. Bd5! ) 24. fxe4! { White consistently plays for checking the 
opponent's piece activity, retaining his pawn outpost on the e4-square } 
24. ... Rf6 ( 24. ... Bf4 25. g3 Bxg3 26. hxg3 Qxg3+ { is parried in a 
tactical way } 27. Ng2 Qf2+ 28. Kh1! Rf3 29. Rf1 +- ) 25. Rf1 Rbf8 26. 
Rxf6 Rxf6 ( 26. ... Qxf6 27. Rf1! Qe7 28. Rd1 +- ) 27. g3 Qg5 28. Qd5 Ne7 
29. Qxa5 Bc6 30. Bd3 d5 31. Rf1! {The exchange of the enemy active pieces 
stresses white advantage } ( 31. exd5 Nxd5 32. Nxd5 Qd2! ) 31. ... dxe4 
32. Bc4 Rxf1+ 33. Bxf1 Bf8 34. b4 +- {Black's attack on the K-side has 
taken him nowhere, and now white passed pawns on the queenside decide the 
outcome } 34. ... h5 35. Qd8 Qf6 36. b5 Bb7 37. Qc7 Ba8 38. b6 Qc6 39. Ba6
! Nf5 40. Qb8 Nxe3 41. Qxf8+ Kh7 42. b7! Bxb7 43. Bxb7 Qb6 44. Qb4 Qa7 45.
 Qe7+ Kh6 46. Qf8+ Kh7 47. Qf7+ Kh8 48. Qf2 Qxb7 49. Nxe3 1-0

[Event "Chelyabinsk variation - 5"]
[Site "GER"]
[Date "1995.??.??"]
[Round "5"]
[White "Lutz, Christopher"]
[Black "Kramnik, Vladimir"]
[Result "0-1"]
[WhiteElo "2560"]
[BlackElo "2715"]
[EventDate "1994.10.08"]

1. e4 c5 2. Nf3 Nc6 3. d4 cxd4 4. Nxd4 Nf6 5. Nc3 e5 6. Ndb5 d6 7. Bg5 a6 
8. Na3 b5 9. Nd5 Be7 10. Bxf6 Bxf6 11. c3 O-O 12. Nc2 Bg5 {Black opts for 
the most natural way of deploying his forces, but White carries out the 
undermining a2-a4 unimpeded at that. } 13. a4 bxa4 14. Rxa4 a5 15. Bc4 ( {
Another popular continuation} 15. Bb5 {will be examined later} ) ( 15. h4 
Bh6 16. g4 Bf4 17. Na3 Rb8 18. Nb5 Ne7 19. Nxf4 exf4 20. Rd4 Nc6 21. Rxd6 
Qe7 22. f3 Ne5 23. Rd2 Nxg4 24. Nd4 Bd7 25. Qe2 Ne5 26. Qh2 f5 27. Qxf4 
fxe4 28. Qg5 Qxg5 29. hxg5 exf3 30. Kf2 Rf4 31. b3 Rbf8 32. Bd3 Rg4 33. 
Bxh7+ Kf7 34. Bd3 Ke7 35. Bf1 Rxg5 36. c4 Rf6 37. Rg1 Ng4+ 38. Rxg4 Bxg4 
39. Nb5 Rh5 40. Rd3 Rh2+ 41. Kg3 Rh1 42. Kf2 Bh3 43. Bxh3 Rxh3 44. Nc3 
Rh2+ 45. Kf1 Rf8 46. Re3+ Kd7 47. Rd3+ Kc8 48. Ne4 Ra2 49. Ng5 f2 50. Rf3 
Rxf3 51. Nxf3 Rb2 52. Nd4 g5 {0-1 Urban, Milos (1840) - Vesely, Emanuel 
(2080) / Czech Championship Quarterfinal, section 37	 (-), ICCF 2012} ) 
15. ... Rb8 ( 15. ... Bd7 16. O-O Ne7 17. Nxe7+ Qxe7 18. Ra3 Bc6 19. Qd3 
Rfb8 20. b4 axb4 21. Rxa8 Rxa8 22. Nxb4 Bd7 23. Rb1 g6 24. Nd5 Qd8 25. Qf3
Ra7 26. g3 h5 27. h4 Bg4 28. Qd3 Bh6 29. Kg2 Kg7 30. Ne3 {1/2-1/2 
Schenning, Albert (2056) - Vesely, Emanuel (2114) / RA-2012-0-00212 (-), 
Lechenicher SchachServer 2012} ) 16. b3 Kh8 17. O-O {White has fortified 
his light-squared positions in the center and on the queenside. Black 
counterplay can be associated only with the f7-f5 advance, and this may 
lead to activation of the black bishops pair. } ( 17. Nce3 Ne7 18. Nxe7 
Qxe7 19. Nd5 Qd8 20. O-O f5 21. exf5 Bxf5 22. Qe2 Bd7 23. Ra2 Be6 24. Rd1 
Rc8 25. g3 Bf7 26. h4 Bh6 27. b4 axb4 28. cxb4 Rb8 29. b5 Qc8 30. Ra7 Bh5 
31. Qxh5 Qxc4 32. b6 Kg8 33. Ra3 Qe4 34. Ra2 Rf3 35. Rb2 Kf8 36. b7 Rf7 
37. Nc3 Qg6 38. Qxg6 hxg6 39. Rdb1 Rc7 40. Rb6 Rxc3 41. Ra6 Ke7 42. Ra8 
Rc1+ 43. Rxc1 Rxb7 44. Rd1 Rd7 45. Kg2 d5 46. Re1 e4 47. f4 Rc7 48. Rd1 
Rc2+ 49. Kh3 Rc5 50. Ra6 {* Vesely, Emanuel (2133) - Thoma, Otomar (2172) 
/ CZE/C/sf27 (CZE) (-), ICCF2012_corr07 2012} ) ( 17. Qe2 f5 18. h4 Bf6 
19. exf5 Bxf5 20. Nce3 Bd7 21. g3 Nd4 22. cxd4 exd4 23. Nxf6 Rxf6 24. Ra2 
dxe3 25. Qxe3 d5 26. Bxd5 Bb5 27. Rd2 Rd6 28. Be4 Rc8 29. Rxd6 Qxd6 30. f4
Qf6 31. Kf2 Qb2+ 32. Kf3 Rc3 33. Re1 Qxb3 {0-1 Stadler, Pavel (1219) - 
Vesely, Emanuel (2083) / BI-2012-P-00020 (-), ICCF2012_cor29 2012} ) 
17. ... g6!? {Preparing f7-f5} ( {another popular line of play, that will 
be examined below, is} 17. ... f5 18. exf5 Bxf5 {but in this case the 
e4-square is still liable to get under the white pieces' control} ) 18. 
Qe2 Bd7 19. Rfa1 {White prepares the b3-b4 advance with a breakthrough on 
the Q-side } 19. ... Bh6 { f5, Qh4} ( {In case of } 19. ... f5 { Black has
to reckon with} 20. exf5 gxf5 21. f4 ) 20. g3?! {A not quite well-founded 
weakening of the K-side } ( {More logical looks} 20. b4 axb4 21. Ncxb4 ( 
21. cxb4 Nd4 22. Nxd4 Bxa4 23. Rxa4 exd4 24. b5 = ) 21. ... Nxb4 22. Rxb4 
Ra8 ) 20. ... f5 21. exf5?! {This exchange leads to activation of black 
pawn phalanx on the kingside } ( {More reliable is} 21. b4 axb4 22. Ncxb4 
( 22. cxb4 fxe4 23. Qxe4 Bf5 24. Qe2 Bxc2 25. Qxc2 Nd4 26. Qe4 Nf3+ 27. 
Kg2 Nd2 ) 22. ... Nxb4 23. Rxb4 Ra8 ) 21. ... gxf5 22. b4 e4! {Sacrificing
a Q-side pawn Black begins his swift attack against white king } ( 22. ...
 axb4 23. Ncxb4 ) 23. bxa5? ( {A positional sacrifice of an exchange} 23. 
Rxa5! Nxa5 24. Rxa5 { allows to render the Nc6-e5-f3 maneuver harmless and
leads to an unclear position)} ) 23. ... Ne5 24. Rb4 Rxb4 25. cxb4 ( 25. 
Ncxb4 Nf3+ 26. Kg2 Qe8 ) 25. ... f4! -/+ {is extremely difficult to 
repulse the attack of the superior black forces on the K-side } 26. Nd4 ( 
26. Nxf4 Bxf4 27. gxf4 Nf3+ 28. Kg2 ( 28. Kf1 Bh3# ) 28. ... Qh4 -+ ) ( 
26. Qxe4 Bf5 27. Qe2 f3 28. Qf1 Bxc2 -/+ ) 26. ... e3! 27. fxe3 ( {The 
following variations cited by V.Kramnik demonstrate the power of black 
attack } 27. f3 fxg3 28. hxg3 Qg5 29. Kg2 Kg8 -+ ) ( 27. gxf4 exf2+ 28. 
Qxf2 ( 28. Kh1 Nxc4 29. Qxc4 Bh3 -+ ) ( 28. Kxf2 Qh4+ 29. Kg1 Bxf4!? 30. 
Nxf4 Qxf4 31. Rd1 Bg4 ) 28. ... Nxc4 -/+ 29. Qc2 ( 29. Rc1 Ne5 ) 29. ... 
Rg8+ 30. Kh1 Qe8 ) 27. ... f3! ( 27. ... fxg3 28. hxg3 Qg5 ) 28. Qa2 f2+ 
29. Kg2 ( 29. Kh1 Nxc4 30. Qxc4 Bh3 31. Nf4 Qa8+ -+ ) 29. ... Qe8! {Black 
queen joins in the attack with a decisive effect } 30. Be2 ( 30. Rf1 Nxc4 
31. Qxc4 Qe4+ -+ ) ( 30. Nf4 Nxc4 31. Qxc4 Qxe3 -/+ ) ( 30. Bf1 Ng4 31. 
Qc2 Qh5 ) 30. ... Ng4 31. Bf3 ( 31. Bxg4 Bxg4 32. Nf4 Qxe3 33. Qxf2 Bh3+ 
34. Kg1 Bxf4 -+ 35. gxf4 Rg8+ ) ( 31. Qb2 Bg7 ) 31. ... Nxe3+ 32. Nxe3 
Qxe3! 33. Qxf2 Bh3+ 34. Kg1 Qc3 35. Re1 Bd2! 0-1

[Event "Chelyabinsk - 6.1"]
[Site "Tallinn EST"]
[Date "1998.06.16"]
[Round "6.1"]
[White "Bologan, Viktor"]
[Black "Zjukin, Sergei"]
[Result "1-0"]
[WhiteElo "2580"]
[BlackElo "2425"]
[EventDate "1998.06.??"]

1. e4 c5 2. Nf3 Nc6 3. d4 cxd4 4. Nxd4 Nf6 5. Nc3 e5 6. Ndb5 d6 7. Bg5 a6 
8. Na3 b5 9. Nd5 Be7 10. Bxf6 Bxf6 11. c3 Bg5 12. Nc2 O-O 13. a4 bxa4 14. 
Rxa4 a5 15. Bc4 Rb8 16. b3 Kh8 17. O-O f5 18. exf5 Bxf5 19. Nce3 Be6 20. 
Qd3 Qd7 21. Rd1 Bf7!? {Another attempt to obtain active piece counterplay.
Black light-sqared bishop makes for g6, from where it can "shoot through" 
the h7-b1 diagonal and support the e5-e4 advance } ( {The continuation } 
21. ... Qf7 { that we have examined in the previous game, undoubtedly does
not solve every positional problem, for example: } 22. Ra2 Bd8 23. f3 g6 
24. Kh1! Ne7 25. Nxe7 Qxe7 26. Bxe6 Qxe6 27. c4 +/- {Popovic P - Filipovic
Br, 1985 Jugoslavija (ch)} ) 22. Nf1! {We can see that this flexible 
knight retreat is a typical white resource in this particular kind of a 
position. The e3-knight makes for g3, shielding the K-side and taking 
under control the e4-,f5- and h5-squares. In addition, second white knight
is ready to withdraw to the now vacant e3-square, which gives White an 
opportunity of a frontal attack against the d6-pawn } 22. ... Bg6 23. Qe2 
Bh4 ( {In case of } 23. ... e4 24. Ng3 {Black might have problems with 
defence of the e4-pawn, and, for the time being, there is nothing to be 
gained from a Nc6-e5 maneuver} ) 24. Ng3 Bxg3 25. hxg3 {Black succeeds in 
exchanging his passive bishop for the knight that has been aiming at e4. 
Nevertheless, White manages to fortify his king's position even more and 
to retain better chances due to his opponent's organic weaknesses along 
the d-file } 25. ... Bf7 26. Ra2 {White rook proceeds to the d-file and 
fortifies the f2-square} 26. ... Be6 27. Rad2 += Bg4!? 28. f3 Be6 29. Qe3 
Qb7 ( 29. ... Ne7? 30. Nb6 ) 30. g4! {White double pawn takes part in the 
offence } 30. ... Ne7?! {Blacks seeks to exchange the opponent's active 
piece, but the ensuing major piece ending is dangerous for him } ( {There 
is more suspence in the game after} 30. ... Bg8!? += ) 31. Nxe7 Bxc4 32. 
bxc4 Qxe7 33. Rxd6 {White advantage is obvious. It is not the matter of an
extra double pawn, but of the more aggressive deployment on his pawns and 
pieces } 33. ... a4 34. Rd7 Qe6 35. R1d6 Qxc4 36. Qxe5 ( 36. Rxg7?! Kxg7 
37. Qg5+ Kh8 38. Qxe5+ Kg8 39. Qg5+ = ) 36. ... Rg8 37. Ra7 ( 37. Rd4? 
Qxc3 38. Rxg7 Qc1+ 39. Kf2 Qb2+ 40. Kg3 Rxg7 41. Rd8+ Rxd8 42. Qxb2 Ra8 =+
) 37. ... Qa2 ( 37. ... Rbc8!? 38. Rdd7 Qxc3 39. Qxc3 Rxc3 40. g5!? ( 40. 
Rxa4 +/- ) 40. ... a3 41. Kh2 Rf8 42. Kg3 +/- ) 38. Kh2 Qf2 ( 38. ... Rb2 
39. Rxg7 Rxg2+ 40. Kh3 Rh2+ 41. Kg3 Qf2+ 42. Kf4 +- ) 39. Rh6!! +- Qd2 ( 
39. ... Qxa7 40. Rxh7+ Kxh7 41. Qh5# ) 40. g5 1-0

[Event "Chelyabinsk 6.2"]
[Site "Wijk aan Zee NED"]
[Date "2005.01.23"]
[Round "6.2"]
[White "Anand, Viswanathan"]
[Black "Kramnik, Vladimir"]
[Result "1/2-1/2"]
[WhiteElo "2786"]
[BlackElo "2754"]
[EventDate "2005.01.15"]
[Annotator "Rogozenko"]

1. e4 c5 2. Nf3 Nc6 3. d4 cxd4 4. Nxd4 Nf6 5. Nc3 e5 6. Ndb5 d6 7. Bg5 a6 
8. Na3 b5 9. Nd5 Be7 10. Bxf6 Bxf6 11. c3 O-O 12. Nc2 Bg5 13. a4 bxa4 14. 
Rxa4 a5 15. Bc4 Rb8 16. b3 Kh8 17. O-O f5 18. exf5 Bxf5 19. Nce3 Bg6 
=, quiet {A popular idea nowadays. In the previous game we have seen the 
black bishop moving via the f5-e6-f7-g6 route. A logical question emerges 
- is it possible to place this piece on the h7-b1diagonal at once? } 20. 
Re1!? {Introduced by IM Savanovic, with the previously known idea for such
positions Nf1-g3.} ( 20. Qe2 e4 =, quiet ) ( 20. Be2 Bf7 =, quiet ) ( {
There also occured an immediate} 20. Bd3 Bxd3 21. Qxd3 Bxe3 22. fxe3 ( 22.
 Nxe3? Rxb3 23. Qc4 Qb6 -/+ ) 22. ... Rxf1+ 23. Qxf1 Rxb3 24. Rc4 Rb5 25. 
e4 ( 25. Qf7 Rb1+ 26. Kf2 e4! 27. Rxe4 ( 27. Rxc6? Qh4+ -+ ) ) 25. ... Rc5
26. Rxc5 dxc5 27. Qa6 Qe8 28. Nc7 Qd7 29. Qa8+ Nd8 30. Nd5 h6 31. Qxa5 Qd6
32. Qb6 Nf7 33. h4 Qxb6 34. Nxb6 Nd6 35. Nd7 c4 {1/2-1/2(36) Sokolov, 
Andrei (2550) - Gurgenidze, Bukhuti (2445) / URS-ch52 (12), Riga LAT 1985}
) 20. ... Rb7 { A useful move. In certain cases black rook is ready to 
move for f7 or d7, and the b8-square can come in handy for the queen in 
order to increase the pressure on the b3-pawn } ( 20. ... Bxe3 21. Nxe3 +=
) ( 20. ... Qd7 {with the idea ...Bd8 is also a playable alternative} ) ( 
20. ... e4!? 21. Nf1 Ne5 22. Ng3 Bh4 23. Nxe4 Bxe4 24. Rxe4 Bxf2+ 25. Kh1 
Qg5 26. Be2 Bc5 27. Rf4 Ng6 ( 27. ... Rxf4 28. Rxf4 Re8 29. b4 axb4 30. 
cxb4 Ng6 31. Rf1 Ba7 32. b5 Bc5 ( 32. ... Rxe2 33. Qxe2 Qxd5 34. Qe8+ Qg8 
35. Qxg8+ Kxg8 36. Ra1 Bc5 37. Ra6 Ne5 38. b6 Nd7 39. b7 +/- ) 33. Bf3 Nh4
34. Nc7 Re5 35. Be4 g6 36. Qa1 +- {1-0 Wiersma,E-Sill,T/Bad Wiessee 2003 
(38)} ) 28. Rf3 Rbe8 ( 28. ... Nh4 29. Rg3 +/- ) 29. Rxf8+ Rxf8 30. Rxa5 
Nh4 31. Bf3? ( 31. g3 Nf5 =/& {Black has sufficient compensation for a 
draw. For instance:} 32. Ra2 Nxg3+ 33. hxg3 Qxg3 34. Bg4 Bf2 35. Qf1 Qxg4 
36. Rxf2 Qh4+ {and White can't escape perpetual:} 37. Kg2 Qg4+ 38. Kh2 
Qh4+ 39. Kg1 Qg5+ 40. Qg2 Qc1+ 41. Kh2 Qh6+ 42. Kg3 Qg5+ 43. Kh2 Qh6+ 44. 
Kg1 Qc1+ 45. Rf1 Rxf1+ 46. Qxf1 Qg5+ 47. Qg2 Qc1+ =, quiet ) 31. ... h6 
-/+ ( 31. ... Nxf3? 32. gxf3 h6 33. Ra1 +/- {1-0 Dominguez,L-Ramirez 
Alvarez,A/Buenos Aires 2003 (44)} ) ( 31. ... h5!? ) 32. Ra2 ( 32. Ra1? 
Rxf3 -+ ) 32. ... Nxf3 33. gxf3 Rxf3 -/+ ) 21. Bd3 N {A novelty that fails
to impress, since it leads to a forced draw.

White implements an important exchange of light-squared bishops, but the 
vulnerability of the b3-pawn restricts his active possibilities } ( 21. 
Nf1 Rbf7 22. Ra2 Bh4 23. Ng3 e4!? â‡„â‡„ {1/2-1/2 Wiersma,E-Ris,R/Dieren 
2003 (27)} ) 21. ... Bxd3 22. Qxd3 Bxe3 ( 22. ... Rxb3 23. Qc4 Bxe3 24. 
fxe3 {is the same as the game} ) 23. fxe3 ( 23. Qxe3 Rxb3 ) 23. ... Rxb3 
24. Qc4 Rb2! {A tactical subtlety that allows Black to retain the balance}
25. Qxc6 Qg5 ( 25. ... Rff2? 26. Rg4 ) 26. Nf4 {The only move, which means
that after 21.Bd3 everything is forced.} ( 26. g3? Qh5 27. Rh4 Qf3 -+ ) 
26. ... exf4 27. Rxf4 ( 27. exf4 Qg4 =, quiet ) 27. ... Rfb8 {It looks 
like all moves were known by both opponents from their home preparation. 
Here is probably where the preparation ended, so why playing any further? 
Typical case for the modern chess.} ( 27. ... Rfb8 28. Ref1 Rb1 29. Qxd6 
Rxf1+ 30. Rxf1 Qxe3+ 31. Kh1 Qe8 =, quiet ) 1/2-1/2

[Event "Chelyabinsk 6.3"]
[Site "Bad Lauterberg GER"]
[Date "1980.??.??"]
[Round "6.3"]
[White "Huebner, Robert"]
[Black "Adorjan, Andras"]
[Result "1-0"]
[WhiteElo "2600"]
[BlackElo "2550"]
[EventDate "1980.03.??"]

1. e4 c5 2. Nf3 Nc6 3. d4 cxd4 4. Nxd4 Nf6 5. Nc3 e6 6. Ndb5 d6 7. Bf4 e5 
8. Bg5 a6 9. Na3 b5 10. Nd5 Be7 11. Bxf6 Bxf6 12. c3 O-O 13. Nc2 Bg5 14. 
a4 bxa4 15. Rxa4 a5 16. Bc4 Rb8 17. b3 Kh8 18. O-O f5 19. exf5 Bxf5 20. 
Nce3 Bg6 21. Be2!? {An interesting strategic retreat. White consolidates 
his K-side, amortizing the maneuver e5-e4 and Â¤c6-e5, and opens up the 
4th rank for his rook. The c4-square is now accessible for the e3-knight 
that can attack the d6- and a5-pawns from here } 21. ... e4 {Black carries
out his most ambitious counterattacking plan, but the e5-e4 advance has 
its seamy side too } 22. b4! axb4 23. cxb4 {Exploiting the drawback of the
e5-e4 advance White has created a passed pawn on the Q-side. Were there a 
pawn on e5, Black knight would have an opportunity to gain a foothold on 
the central d4-square } 23. ... Rb7 24. b5 +/- Ne5?! ( {Black should have 
sought to exchange the opponent's centralized pieces by way of} 24. ... 
Ne7 ) 25. Qd4! Qd7 26. b6 h6 27. Ra2! {With a threat of intensifying his 
attack on the Q-side by way of Ra2-c2-c7 } 27. ... Qe6 28. Rc2 Nd3 ( {
Passive play cannot help now as well} 28. ... Bd8 29. Ba6! +/- ) 29. Rc7 
+- Rf7 30. h3 Nf4 31. Nxf4! ( 31. Bg4? Qxg4! -+ ) 31. ... Bxf4 32. Bc4 d5 
33. Bxd5 Qxb6 34. Qxb6 Rxb6 35. Rxf7 1-0